Escenari secret : Sant Hipòlit de Voltregà 16/12/2022 Sant Hipòlit de Voltregà 16/12/2022
Descripción Física:
1 díptic ; il. col. ; 21 x 10 cm.
Materias:
Espectacles i passatemps -- Sant Hipòlit de Voltregà (Catalunya) -- Guies
; Dansa -- Sant Hipòlit de Voltregà (Catalunya) -- Guies
; Música -- Sant Hipòlit de Voltregà (Catalunya) -- Guies
Idioma:
Catalán
MARC
| LEADER | 00000nam a22000007a 4500 | ||
|---|---|---|---|
| 001 | 27461 | ||
| 003 | Arxiu | ||
| 005 | 20260324181154.0 | ||
| 008 | 230306b spa||||| |||| 00| 0 cat d | ||
| 017 | |a B 22832-2022 | ||
| 040 | |a agdb |b cat | ||
| 245 | |a Escenari secret : |b Sant Hipòlit de Voltregà 16/12/2022 | ||
| 260 | |a Barcelona : |b Diputació de Barcelona ; |c 2022 | ||
| 300 | |a 1 díptic ; |b il. col. ; |c 21 x 10 cm. | ||
| 650 | 0 | |2 Arxiu |a Espectacles i passatemps |z Sant Hipòlit de Voltregà (Catalunya) |v Guies | |
| 650 | 0 | |2 Arxiu |a Dansa |z Sant Hipòlit de Voltregà (Catalunya) |v Guies | |
| 650 | 0 | |2 Arxiu |a Música |z Sant Hipòlit de Voltregà (Catalunya) |v Guies | |
| 710 | 1 | |9 52669 |a Barcelona (Catalunya : Província). |b Oficina de Difusió Artística | |
| 710 | |a Sant Hipòlit de Voltregà (Catalunya). |b Ajuntament |9 55315 | ||
| 942 | |2 udc |c ARXIU |n 1 | ||
| 952 | |0 0 |1 0 |2 udc |4 0 |6 FU7499 |7 1 |9 65456 |a Arxiu |b Arxiu |d 2023-03-06 |l 0 |o FU-74-99 |p 27461 |r 2023-03-06 00:00:00 |w 2023-03-06 |y ARXIU | ||
| 999 | |c 83136 |d 83136 | ||